000 00477nam a22001817a 4500
008 180309b xxu||||| |||| 00| | tur d
020 _a9789751413987
041 _atur
050 _aPL248.L58
100 _aLivaneli, Ömer Zülfü
_91032
245 _aSanat Uzun, Hayat Kısa
250 _a3.Basım
260 _aİstanbul
_bRemzi Kitabevi
_cTemmuz 2010
300 _a398 Sayfa
500 _a1. Basım Haziran 2010
650 0 _9145
_aTürk Edebiyatı
942 _2lcc
_cBK
999 _c1956
_d1917